Self-Knowledge Key To Happiness And Health/ (Record no. 212109)

MARC details
000 -LEADER
fixed length control field 00542nam a22001817a 4500
005 - DATE AND TIME OF LATEST TRANSACTION
control field 20250704151817.0
010 ## - LCCN (DPL NO)
LC control number ENG-145633
020 ## - INTERNATIONAL STANDARD BOOK NUMBER
Terms of availability 310.00
International Standard Book Number 9788170175070
035 ## - SYSTEM CONTROL NUMBER
System control number EN-129165
037 ## - SOURCE OF ACQUISITION
Source of stock number/acquisition DBAD
082 ## - DEWEY DECIMAL CLASSIFICATION NUMBER
Classification number 126.22
100 ## - MAIN ENTRY--PERSONAL NAME
Personal name Rao Bhojha
245 ## - TITLE STATEMENT
Title Self-Knowledge Key To Happiness And Health/
Statement of responsibility, etc K.Bhoja Rao
260 ## - PUBLICATION, DISTRIBUTION, ETC. (IMPRINT)
Place of publication, distribution, etc New Delhi
Name of publisher, distributor, etc Shakti Malik Abhinav Publications
270 ## - ADDRESS
Address E-37 Hauz Khas, New Delhi
City New Delhi
Postal code 110016
300 ## - PHYSICAL DESCRIPTION
Extent 206p.
Dimensions 22.2cm(hb)
942 ## - ADDED ENTRY ELEMENTS (KOHA)
Source of classification or shelving scheme Dewey Decimal Classification
Item type English Books
Classification part 126.22
Call number suffix RAO
Holdings
Withdrawn status Lost status Not for loan Collection code Home library Current library Date acquired Source of acquisition Cost, normal purchase price Full call number Barcode Cost, replacement price Koha item type
      Non-fiction Sarojini Nagar Sarojini Nagar 04/07/2025 DBAD 310.00 126.22 RAO EN-129165 310.00 English Books

© Delhi Public Library
Hit Counter
free hit counter